000 00405nam a22001577a 4500
999 _c3169
_d3126
008 190321b ||||| |||| 00| | eng d
020 _a9755107649
041 _atur
050 _aPL248.D845
100 _9969
_aDuman, Faruk
245 _a Seslerde Başka Sesler : Öyküler
260 _aİstanbul:
_bCan Yayınları,
_c1997
300 _a102 Sayfa
650 0 _9145
_aTürk Edebiyatı
942 _2lcc
_cBK